LEADER 00985nam0-22003011i-450- 001 990000065810403321 035 $a000006581 035 $aFED01000006581 035 $a(Aleph)000006581FED01 035 $a000006581 100 $a20011111d--------km-y0itay50------ba 101 0 $aita 105 $ay-------001yy 200 1 $aAtti del II. congresso nazionale per le irrigazioni, Bari, 14-16 aprile, 1926 210 $aMilano$cFederazione nazionale delle irrigazioni$d<1926 ?> 215 $aXLVI, 332 p.$cill.$d26 cm 610 0 $aIrrigazione$aCongressi$a1926 610 0 $aCongressi$aBari$a1926 676 $a627.52 710 12$aCongresso nazionale per le irrigazioni$d<2. ;$f1926 ;$eBari>$0332249 801 0$aIT$bUNINA$gRICA$2UNIMARC 901 $aBK 912 $a990000065810403321 952 $a13 G 04 01$b6618$fFINBC 959 $aFINBC 996 $aAtti del II. congresso nazionale per le irrigazioni, Bari, 14-16 aprile, 1926$9111282 997 $aUNINA DB $aING01 LEADER 02923nam 2200601Ia 450 001 9910451998403321 005 20200520144314.0 010 $a1-281-12517-2 010 $a9786611125172 010 $a1-60258-166-5 010 $a1-4356-3228-1 035 $a(CKB)1000000000484573 035 $a(EBL)332595 035 $a(OCoLC)437200443 035 $a(SSID)ssj0000201542 035 $a(PQKBManifestationID)11182301 035 $a(PQKBTitleCode)TC0000201542 035 $a(PQKBWorkID)10245666 035 $a(PQKB)10372424 035 $a(MiAaPQ)EBC332595 035 $a(OCoLC)212907490 035 $a(MdBmJHUP)muse5124 035 $a(Au-PeEL)EBL332595 035 $a(CaPaEBR)ebr10200983 035 $a(EXLCZ)991000000000484573 100 $a20070925d2008 uy 0 101 0 $aeng 135 $aur|n|---||||| 181 $ctxt 182 $cc 183 $acr 200 14$aThe Messiah formerly known as Jesus$b[electronic resource] $edispatches from the intersection of Christianity and pop culture /$fTom Breen 210 $aWaco, Tex. $cBaylor University Press$d2008 215 $a1 online resource (228 p.) 300 $aDescription based upon print version of record. 311 $a1-60258-019-7 320 $aIncludes bibliographical references. 327 $aIntroduction: The Internet theologian speaks -- Everything you need to know about Christianity, minus the boring parts -- What job can teach us about dating high school girls, or Bible translations Wycliffe never intended -- Deck the halls with lawsuits -- Number one song in heaven -- A field guide to the major North American Jesuses -- A way, the truthiness, and the lifestyle -- Applying the hypostatic union to a winning zone defense -- Page-turners of the last days -- Conclusion: The further adventures of Jesus. 330 $aThe book presents a humorous look at contemporary Christianity through the skewed lens of the Internet Theologian, a pompous, absurdly self-important pundit whose confidence in his pronouncements is perhaps matched only by his utter lack of basic information about his subject matter. Believing that the only thing a real theologian needs is a cable modem, the Internet Theologian touches on Christianity's relationship with music, sports, best-selling novels, and holidays, among others. The book also includes a handy field guide to the various ways Americans interpret Jesus. 606 $aChristianity and culture 606 $aPopular culture$xReligious aspects$xChristianity 608 $aElectronic books. 615 0$aChristianity and culture. 615 0$aPopular culture$xReligious aspects$xChristianity. 676 $a261.0973 700 $aBreen$b Tom$0874750 801 0$bMiAaPQ 801 1$bMiAaPQ 801 2$bMiAaPQ 906 $aBOOK 912 $a9910451998403321 996 $aThe Messiah formerly known as Jesus$91952984 997 $aUNINA LEADER 03578nam 2200685Ia 450 001 9910451550503321 005 20200520144314.0 010 $a1-281-22023-X 010 $a9786611220235 010 $a1-59745-055-3 024 7 $a10.1007/978-1-59745-055-3 035 $a(CKB)1000000000408980 035 $a(EBL)338068 035 $a(OCoLC)233972818 035 $a(SSID)ssj0000297712 035 $a(PQKBManifestationID)11220179 035 $a(PQKBTitleCode)TC0000297712 035 $a(PQKBWorkID)10342993 035 $a(PQKB)11759987 035 $a(DE-He213)978-1-59745-055-3 035 $a(MiAaPQ)EBC338068 035 $a(Au-PeEL)EBL338068 035 $a(CaPaEBR)ebr10223625 035 $a(CaONFJC)MIL122023 035 $a(PPN)123741610 035 $a(EXLCZ)991000000000408980 100 $a20071118d2008 uy 0 101 0 $aeng 135 $aur|n|---||||| 181 $ctxt 182 $cc 183 $acr 200 04$aThe glutamate receptors$b[electronic resource] /$fedited by Robert W. Gereau, Geoffrey T. Swanson 205 $a1st ed. 2008. 210 $aTotowa, N.J. $cHumana Press$dc2008 215 $a1 online resource (587 p.) 225 1 $aThe receptors 300 $aDescription based upon print version of record. 311 $a1-62703-920-1 311 $a1-58829-792-6 320 $aIncludes bibliographical references and index. 327 $aAMPA Receptors -- NMDA Receptors -- Kainate Receptors -- Delta Receptors -- Ionotropic Glutamate Receptors in Synaptic Plasticity -- Structural Correlates of Ionotropic Glutamate Receptor Function -- Positive Modulators of AMPA-Type Glutamate Receptors -- Clinically Tolerated Strategies for NMDA Receptor Antagonism -- The Structures of Metabotropic Glutamate Receptors -- Group I Metabotropic Glutamate Receptors (mGlu1 and mGlu5) -- Group II Metabotropic Glutamate Receptors (mGlu2 and mGlu3) -- Group III Metabotropic Glutamate Receptors (mGlu4, mGlu6, mGlu7, and mGlu8) -- Metabotropic Glutamate Receptor-Dependent Synaptic Plasticity -- Metabotropic Glutamate Receptor Ligands as Novel Therapeutic Agents. 330 $aGlutamate receptors are critically important for normal brain function. The preceding decade has seen remarkable advances in our understanding of the physiological function and molecular structure of these proteins. The Glutamate Receptors provides an expansive review of the field with a topical update to two excellent books - The Ionotropic Glutamate Receptors and The Metabotropic Glutamate Receptors. An exciting primer to the study of glutamate receptors and their central role in neurotransmission, The Glutamate Receptors covers the extraordinary research and significant developments in the decade since the previous books were published and gives a snapshot of how prominent scientists look to the future of research in the field. Both insightful and comprehensive, The Glutamate Receptors provides an invaluable reference to students and scientists on nearly every aspect of glutamate receptor structure and function. 410 0$aReceptors. 606 $aGlutamic acid$xReceptors 606 $aProteins 608 $aElectronic books. 615 0$aGlutamic acid$xReceptors. 615 0$aProteins. 676 $a612.8042 676 $a612.81 701 $aGereau$b Robert W$0914080 701 $aSwanson$b Geoffrey$0914081 801 0$bMiAaPQ 801 1$bMiAaPQ 801 2$bMiAaPQ 906 $aBOOK 912 $a9910451550503321 996 $aThe glutamate receptors$92048020 997 $aUNINA